[Event "22nd Open"]
[Site "Cappelle la Grande FRA"]
[Date "2006.02.19"]
[Round "2"]
[White "Simon,O"]
[Black "Sulskis,S"]
[Result "1/2-1/2"]
[WhiteElo "2330"]
[BlackElo "2504"]
[EventDate "2006.02.18"]

1. e4 d6 2. d4 Nf6 3. Nc3 g6 4. f4 Bg7 5. Nf3 c5 6. Bb5+ Bd7 7. Bxd7+ Nfxd7
8. d5 b5 9. Qe2 b4 10. Nd1 Nb6 11. O-O Qc8 12. f5 Qa6 13. Qe1 N8d7 14. fxg6
hxg6 15. Bf4 Qb7 16. Rb1 Nc4 17. Qe2 Nce5 18. Ne3 a5 19. Nxe5 Nxe5 20. Ng4
Nxg4 21. Qxg4 a4 22. Qg3 O-O-O 23. Qd3 e6 24. dxe6 fxe6 25. Bg5 Bd4+ 26.
Be3 Be5 27. Bf4 Rh5 28. Bxe5 Rxe5 29. Rbe1 Kb8 30. Rf8 Qb6 31. Rxd8+ Qxd8
32. Qb5+ Ka7 33. Rf1 Qe7 34. Qxa4+ Kb6 35. Qa8 Qb7 36. Qf8 Qxe4 37. Qxd6+
Kb5 38. Qb8+ Ka6 39. h3 Rg5 40. Qd6+ Kb5 41. Qd3+ Qxd3 42. cxd3 Rd5 43. Rf3
Rd6 44. b3 Ra6 45. Rf2 Kc6 46. Rc2 Kd5 47. Kf2 Kd4 48. Ke2 e5 49. h4 Ra7
50. g3 Ra8 51. Rc4+ 1/2-1/2

[Event "22nd Open"]
[Site "Cappelle la Grande FRA"]
[Date "2006.02.19"]
[Round "2"]
[White "Sebag,M"]
[Black "Radulski,J"]
[Result "1-0"]
[WhiteElo "2415"]
[BlackElo "2515"]
[EventDate "2006.02.18"]

1. e4 e5 2. Nf3 Nc6 3. Bb5 Nf6 4. O-O Nxe4 5. d4 a6 6. Ba4 b5 7. Bb3 d5 8.
dxe5 Be6 9. Be3 Na5 10. Nbd2 Nxd2 11. Qxd2 c5 12. Bg5 Nxb3 13. axb3 Qd7 14.
c3 h6 15. Bh4 g5 16. Bg3 Be7 17. b4 g4 18. Ne1 d4 19. bxc5 Bxc5 20. Nd3
dxc3 21. Qxc3 Bd4 22. Qd2 Bb6 23. Bh4 Bd8 24. Bf6 Bxf6 25. exf6 Qd4 26.
Rfe1 Qxf6 27. Qb4 Qe7 28. Rxa6 Rxa6 29. Qxb5+ Qd7 30. Qxa6 O-O 31. Nc5 Qd2
32. Qe2 Qxe2 33. Rxe2 Bf5 34. Re5 Bg6 35. h3 gxh3 36. gxh3 Rd8 37. b4 Rb8
38. Na6 Rb6 39. b5 Bd3 40. Nc7 Rb7 41. Rc5 Kf8 42. f4 Ke7 43. Re5+ Kd7 44.
Na6 Rxb5 45. Nc5+ Rxc5 46. Rxc5 Ke6 47. Rh5 Bg6 48. Rxh6 Kf6 49. Kf2 Kg7
50. Rh4 f5 51. Ke3 1-0

[Event "22nd Open"]
[Site "Cappelle la Grande FRA"]
[Date "2006.02.19"]
[Round "2"]
[White "Escobar Forero,A"]
[Black "Bagheri,A"]
[Result "1-0"]
[WhiteElo "2425"]
[BlackElo "2521"]
[EventDate "2006.02.18"]

1. e4 e5 2. Nf3 Nc6 3. Bb5 a6 4. Ba4 Nf6 5. O-O Be7 6. d3 b5 7. Bb3 O-O 8.
Nc3 d6 9. Nd5 Bg4 10. h3 Bh5 11. Nxe5 Bxd1 12. Nxc6 Qd7 13. Ncxe7+ Kh8 14.
Rxd1 c6 15. Nxf6 Qxe7 16. Nh5 d5 17. Ng3 dxe4 18. dxe4 Rad8 19. Bd2 Kg8 20.
Ba5 Rxd1+ 21. Rxd1 g6 22. a3 h5 23. Re1 h4 24. Nf1 Re8 25. Nh2 c5 26. Bd5
b4 27. axb4 cxb4 28. c3 b3 29. Bb4 Qc7 30. Ng4 Rb8 31. Ba3 Kg7 32. e5 Qa5
33. Nf6 Rd8 34. Bxb3 Rd2 35. Ne8+ Kh8 36. Bxf7 Qa4 37. Be7 Qf4 38. Bf6+ Kh7
39. Rf1 Rc2 40. Nd6 Rxb2 41. Nc4 Rb7 42. Bd5 Ra7 43. Re1 g5 44. Re3 Kh6 45.
g3 Qf5 46. gxh4 g4 47. Be4 Qe6 48. Nd6 a5 49. Nf5+ Kh5 50. Rg3 1-0

[Event "22nd Open"]
[Site "Cappelle la Grande FRA"]
[Date "2006.02.19"]
[Round "2"]
[White "Goloshchapov,A"]
[Black "Gharamian,T"]
[Result "1-0"]
[WhiteElo "2533"]
[BlackElo "2425"]
[EventDate "2006.02.18"]

1. e4 c5 2. Nf3 d6 3. d4 cxd4 4. Nxd4 Nf6 5. Nc3 a6 6. Be3 e5 7. Nb3 Be6 8.
f3 Be7 9. Qd2 O-O 10. O-O-O Nbd7 11. g4 b5 12. g5 b4 13. Ne2 Ne8 14. f4 a5
15. Kb1 a4 16. Nbc1 exf4 17. Bxf4 Nc5 18. Bg2 b3 19. cxb3 axb3 20. a3 Qd7
21. Qe3 Ra6 22. Nc3 Qa7 23. Bf1 Rb6 24. h4 f5 25. Bh3 fxe4 26. Bxe6+ Nxe6
27. Nd5 Ra6 28. Qxe4 Nxf4 29. Nxf4 d5 30. Qxd5+ Kh8 31. Rhf1 Qc7 32. Qe4
Rd6 33. Nfe2 Rxd1 34. Rxd1 Nd6 35. Qd3 Nf5 36. Nxb3 Nxh4 37. Ned4 Qe5 38.
Nc6 Qxg5 39. Nbd4 Bf6 40. Ne6 Qg2 41. Rd2 Qh1+ 42. Rd1 Qg2 43. Rd2 Qh1+ 44.
Ka2 Rc8 45. Ned8 Qc1 46. Rc2 Qxc2 47. Nf7+ 1-0

[Event "22nd Open"]
[Site "Cappelle la Grande FRA"]
[Date "2006.02.19"]
[Round "2"]
[White "Shaw,J"]
[Black "Shneider,A"]
[Result "1-0"]
[WhiteElo "2432"]
[BlackElo "2529"]
[EventDate "2006.02.18"]

1. e4 c5 2. b3 Nc6 3. Bb2 d6 4. Bb5 Bd7 5. f4 e5 6. Nf3 exf4 7. O-O Nge7 8.
Nc3 Ng6 9. Nd5 Nce7 10. a4 Nxd5 11. exd5 f6 12. Nh4 Nxh4 13. Qe1+ Be7 14.
Qxh4 O-O 15. Rxf4 f5 16. Qf2 Bf6 17. Bxf6 Rxf6 18. Re1 a6 19. Bxd7 Qxd7 20.
Qe2 b5 21. Qe7 Qxe7 22. Rxe7 g5 23. Rf1 bxa4 24. bxa4 Rb8 25. Ra7 Rb2 26.
Rc1 Rb4 27. Rxa6 Rd4 28. d3 Rxd5 29. a5 c4 30. Ra8+ Kg7 31. Ra1 cxd3 32.
cxd3 Re6 33. a6 Ree5 34. Rb8 Ra5 35. Rbb1 Reb5 36. Rd1 Rxa1 37. Rxa1 Rb8
38. a7 Ra8 39. Kf2 Kf6 40. Ke3 Ke5 41. Ra5+ d5 42. g3 Kf6 43. Ra6+ Kg7 44.
Kd4 f4 45. gxf4 gxf4 46. Kc5 1-0

[Event "22nd Open"]
[Site "Cappelle la Grande FRA"]
[Date "2006.02.19"]
[Round "2"]
[White "Chernyshov,K"]
[Black "Abergel,T"]
[Result "1-0"]
[WhiteElo "2539"]
[BlackElo "2426"]
[EventDate "2006.02.18"]

1. d4 Nf6 2. Bg5 e6 3. e4 h6 4. Bxf6 Qxf6 5. Nf3 d5 6. e5 Qd8 7. Bd3 c5 8.
c3 Nc6 9. a3 cxd4 10. cxd4 Qb6 11. Nc3 Bd7 12. Na4 Qd8 13. b4 b6 14. Rc1
Be7 15. O-O O-O 16. Nc3 f5 17. exf6 Bxf6 18. Bb1 g5 19. Re1 Rf7 20. Ne5
Bxe5 21. dxe5 Ne7 22. Ne2 Bb5 23. Nd4 Bd7 24. Qh5 Kg7 25. h4 gxh4 26. Qxh4
Ng6 27. Qxd8 Rxd8 28. Rc7 Rc8 29. Rxc8 Bxc8 30. Rc1 Bd7 31. Bxg6 Kxg6 32.
g3 h5 33. Rc7 Ba4 34. Rc8 h4 35. gxh4 Rf4 36. Rg8+ Kh7 37. Rg7+ Kxg7 38.
Nxe6+ Kg6 39. Nxf4+ Kf5 40. Nxd5 Kxe5 41. Ne7 Be8 42. Nc8 Kf5 43. Nxa7 Kg4
44. b5 Bd7 45. a4 Be6 46. Nc6 1-0

[Event "22nd Open"]
[Site "Cappelle la Grande FRA"]
[Date "2006.02.19"]
[Round "2"]
[White "Berkovich,M"]
[Black "Miroshnichenko,E"]
[Result "0-1"]
[WhiteElo "2392"]
[BlackElo "2619"]
[EventDate "2006.02.18"]

1. Nf3 c5 2. g3 Nc6 3. c3 e5 4. d4 cxd4 5. cxd4 e4 6. Ne5 Nf6 7. Bg2 Qb6 8.
Nxc6 bxc6 9. O-O d5 10. Nc3 Bd6 11. Qc2 h6 12. Nd1 Qc7 13. Bd2 O-O 14. Rc1
Qe7 15. Qxc6 Bd7 16. Qc2 Rac8 17. Nc3 Qe6 18. e3 h5 19. Qd1 h4 20. Qe2 Rb8
21. b3 g6 22. Be1 hxg3 23. fxg3 Kg7 24. h3 Rh8 25. g4 Rbc8 26. Bd2 Nh7 27.
Nb5 Bb8 28. Rxc8 Bxc8 29. Rc1 Ng5 30. Qf1 Ba6 31. Rc5 Bd6 32. a4 Bxc5 33.
dxc5 Qe5 34. Qf4 Nxh3+ 35. Bxh3 Qxf4 36. exf4 Rxh3 37. Nc7 Rd3 38. Ba5 Bc8
39. b4 e3 40. Ne8+ Kf8 41. Nf6 0-1

[Event "22nd Open"]
[Site "Cappelle la Grande FRA"]
[Date "2006.02.19"]
[Round "2"]
[White "Vul,A"]
[Black "Petkov,V"]
[Result "0-1"]
[WhiteElo "2407"]
[BlackElo "2512"]
[EventDate "2006.02.18"]

1. Nf3 Nf6 2. c4 e6 3. Nc3 d5 4. d4 dxc4 5. e3 a6 6. a4 b6 7. Bxc4 Bb7 8.
O-O Bb4 9. Qe2 O-O 10. Rd1 Qe7 11. Ne5 Nbd7 12. Nxd7 Nxd7 13. e4 c5 14. d5
Bxc3 15. bxc3 exd5 16. exd5 Qh4 17. g3 Qf6 18. Re1 Qf5 19. g4 Qf6 20. Rb1
Qh4 21. Bf4 Nf6 22. Bg3 Qh3 23. Rxb6 Bxd5 24. Bxd5 Nxd5 25. Rxa6 Nxc3 26.
Qc4 Rxa6 27. Qxa6 Qxg4 28. a5 c4 29. Qc6 Ne2+ 30. Kf1 Rc8 31. Qg2 c3 32. f3
Nxg3+ 33. hxg3 Qg6 34. Qe2 h5 35. Kf2 Qg5 36. Ra1 c2 37. a6 c1=Q 38. Rxc1
Qxc1 39. a7 Qc5+ 0-1

[Event "22nd Open"]
[Site "Cappelle la Grande FRA"]
[Date "2006.02.19"]
[Round "2"]
[White "De la Paz,F"]
[Black "Gdanski,J"]
[Result "0-1"]
[WhiteElo "2445"]
[BlackElo "2540"]
[EventDate "2006.02.18"]

1. e4 e6 2. d4 d5 3. Nd2 a6 4. Ngf3 c5 5. exd5 exd5 6. dxc5 Bxc5 7. Nb3 Ba7
8. Qe2+ Ne7 9. Bg5 Nbc6 10. O-O-O O-O 11. Nfd4 Re8 12. Qh5 Qd6 13. Be2 Nf5
14. Nxf5 Bxf5 15. Bd3 Bxd3 16. Rxd3 Rac8 17. Bd2 Ne5 18. Rh3 Qg6 19. Qxg6
hxg6 20. Rf1 Ng4 21. f4 Re2 22. Rg3 Nxh2 23. Rh1 Rf2 24. Rh3 Rf1+ 25. Rxf1
Nxf1 26. Rd3 Re8 27. Rxd5 Nxd2 28. Kxd2 Be3+ 29. Kd1 Bxf4 30. Nc5 Re7 31.
Nd3 Bc7 32. c4 f5 33. b4 Kf7 34. b5 axb5 35. Rxb5 b6 36. a4 Ke6 37. Nb4 Kd6
38. Nd5 Re4 39. Nxb6 Rg4 0-1

[Event "22nd Open"]
[Site "Cappelle la Grande FRA"]
[Date "2006.02.19"]
[Round "2"]
[White "Tissir,M"]
[Black "Yagupov,I"]
[Result "0-1"]
[WhiteElo "2444"]
[BlackElo "2534"]
[EventDate "2006.02.18"]

1. e4 c5 2. Nc3 Nc6 3. Bb5 Nd4 4. Bc4 e6 5. Nf3 Nf6 6. O-O a6 7. d3 Qc7 8.
h3 Bd6 9. Re1 Nxf3+ 10. Qxf3 Be5 11. a4 b6 12. Ne2 Bb7 13. Bf4 O-O 14. Ba2
d5 15. exd5 exd5 16. c3 Rfe8 17. d4 Bxf4 18. Nxf4 c4 19. Re5 Rxe5 20. dxe5
d4 21. Qe2 d3 22. Qd2 Nd5 23. Re1 b5 24. b3 Nxf4 25. Qxf4 Bd5 26. bxc4 bxc4
27. h4 Rb8 28. Qd2 Qc6 29. Re3 Qxa4 30. Rg3 Qc2 31. Qh6 g6 32. h5 d2 0-1

[Event "22nd Open"]
[Site "Cappelle la Grande FRA"]
[Date "2006.02.19"]
[Round "2"]
[White "Zubarev,Al1"]
[Black "Bannink,B"]
[Result "1-0"]
[WhiteElo "2508"]
[BlackElo "2297"]
[EventDate "2006.02.18"]

1. e4 e5 2. Nf3 Nf6 3. Nxe5 d6 4. Nf3 Nxe4 5. Nc3 Nxc3 6. dxc3 Be7 7. Bf4
Nc6 8. Qd2 Bg4 9. Be2 Qd7 10. O-O-O O-O-O 11. h3 Bh5 12. Qd5 Bg6 13. Nd4
Nxd4 14. Qxd4 c5 15. Qd2 Qa4 16. Kb1 Bxc2+ 17. Qxc2 Qxf4 18. Rd5 g6 19. Re1
Rd7 20. Bg4 f5 21. g3 Qg5 22. Re6 Bf8 23. Qe2 Bg7 24. f4 Qd8 25. Bf3 Qb6
26. Rd3 Rhd8 27. Bd5 c4 28. Bxc4 Qg1+ 29. Kc2 d5 30. Bb5 Rc7 31. Re8 1-0

[Event "22nd Open"]
[Site "Cappelle la Grande FRA"]
[Date "2006.02.19"]
[Round "2"]
[White "Willemze,T"]
[Black "Brodsky,M"]
[Result "1/2-1/2"]
[WhiteElo "2392"]
[BlackElo "2581"]
[EventDate "2006.02.18"]

1. e4 c5 2. Nf3 d6 3. c3 Nf6 4. Be2 Nbd7 5. d3 b6 6. O-O Bb7 7. Nbd2 e6 8.
Re1 Be7 9. Bf1 O-O 10. a3 Qc7 11. b4 a6 12. Bb2 Rac8 13. d4 Rfe8 14. e5
dxe5 15. dxe5 Nd5 16. c4 Nf4 17. b5 axb5 18. g3 Ng6 19. cxb5 Red8 20. Qe2
c4 21. Rac1 Nc5 22. Nxc4 Nd3 23. Nd6 Nxc1 24. Rxc1 Bxd6 25. Rxc7 Bxc7 26.
Bg2 Rd7 27. Ng5 Bxg2 28. Kxg2 h6 29. Nf3 Rd5 30. Bd4 1/2-1/2

[Event "22nd Open"]
[Site "Cappelle la Grande FRA"]
[Date "2006.02.19"]
[Round "2"]
[White "Khmelniker,I"]
[Black "Ionov,S"]
[Result "1-0"]
[WhiteElo "2430"]
[BlackElo "2527"]
[EventDate "2006.02.18"]

1. d4 Nf6 2. c4 e6 3. Nf3 b6 4. g3 Ba6 5. b3 Bb4+ 6. Bd2 Be7 7. Bg2 d5 8.
Qc2 O-O 9. O-O Bb7 10. Rd1 Na6 11. Nc3 Qc8 12. cxd5 exd5 13. Bf4 Rd8 14. a3
c5 15. Rac1 h6 16. Qb1 Qe6 17. Ne5 g5 18. Be3 cxd4 19. Bxd4 Bxa3 20. f4 g4
21. Nb5 Bc5 22. b4 Nxb4 23. Rxc5 bxc5 24. Bxc5 Nc6 25. Nc7 Qc8 26. Nxc6
Qxc7 27. Ne7+ Kh8 28. Rc1 Rac8 29. Qb2 d4 30. Nxc8 1-0

[Event "22nd Open"]
[Site "Cappelle la Grande FRA"]
[Date "2006.02.19"]
[Round "2"]
[White "Draoui,N"]
[Black "Kulaots,K"]
[Result "1/2-1/2"]
[WhiteElo "2369"]
[BlackElo "2558"]
[EventDate "2006.02.18"]

1. e4 c5 2. Nf3 e6 3. d4 cxd4 4. Nxd4 a6 5. Nc3 b5 6. Bd3 d6 7. O-O Nf6 8.
Qe2 Be7 9. f4 Bb7 10. a4 b4 11. Nd1 Nbd7 12. Nf2 Nc5 13. a5 Rb8 14. Bd2 Qd7
15. Qe1 O-O 16. Nb3 Qc6 17. Nxc5 dxc5 18. b3 Rfd8 19. Qe2 Rd7 20. Rfe1 Rbd8
21. Bc1 c4 22. Bxc4 Bc5 23. Be3 Bxe3 24. Qxe3 Rd4 25. Bd3 Qc3 26. Rab1 Qc5
27. Ra1 Qc3 28. Rab1 Qc5 29. Ra1 1/2-1/2

[Event "22nd Open"]
[Site "Cappelle la Grande FRA"]
[Date "2006.02.19"]
[Round "2"]
[White "Van der Heijden,AC"]
[Black "Zagrebelny,S"]
[Result "0-1"]
[WhiteElo "2219"]
[BlackElo "2497"]
[EventDate "2006.02.18"]

1. e4 c5 2. Nf3 d6 3. d4 Nf6 4. Nc3 cxd4 5. Nxd4 a6 6. Be3 e5 7. Nb3 Be6 8.
f3 Be7 9. Qd2 O-O 10. O-O-O Nbd7 11. g4 b5 12. g5 b4 13. Ne2 Ne8 14. Ng3 a5
15. Kb1 a4 16. Nc1 b3 17. cxb3 axb3 18. axb3 Qb8 19. Nf5 Bd8 20. Bc4 Bb6
21. Ne7+ Kh8 22. Nd5 Bxe3 23. Qxe3 Nc7 24. Nxc7 Qxc7 25. Qd3 Qa7 26. Ne2
Nc5 27. Qe3 Bxc4 28. bxc4 Rfb8 0-1

[Event "22nd Open"]
[Site "Cappelle la Grande FRA"]
[Date "2006.02.19"]
[Round "2"]
[White "Svetushkin,D"]
[Black "Marzolo,C"]
[Result "1/2-1/2"]
[WhiteElo "2557"]
[BlackElo "2393"]
[EventDate "2006.02.18"]

1. e4 e6 2. d4 c5 3. Nf3 cxd4 4. Nxd4 a6 5. Bd3 Nf6 6. O-O Qc7 7. Qe2 d6 8.
c4 g6 9. Nc3 Bg7 10. Rd1 O-O 11. Nf3 Nbd7 12. h3 b6 13. Be3 Bb7 14. Rac1
Rac8 15. b3 Qb8 16. Bb1 Rfe8 17. Bf4 Bf8 18. Qe3 e5 19. Bh6 Be7 20. Ng5 b5
21. cxb5 axb5 22. b4 d5 23. Nxd5 Bxd5 24. exd5 Rxc1 25. Rxc1 Bxb4 26. Qf3
Bd2 27. Rf1 e4 1/2-1/2

[Event "22nd Open"]
[Site "Cappelle la Grande FRA"]
[Date "2006.02.19"]
[Round "2"]
[White "Zhigalko,S"]
[Black "Fowler,S"]
[Result "1-0"]
[WhiteElo "2496"]
[BlackElo "2202"]
[EventDate "2006.02.18"]

1. e4 e6 2. d4 d5 3. e5 c5 4. c3 Nc6 5. Nf3 Bd7 6. Be2 f6 7. O-O Qc7 8. Re1
O-O-O 9. Bf4 h6 10. Bg3 f5 11. c4 g5 12. cxd5 f4 13. dxc6 Bxc6 14. Bc4 Qb6
15. Bxe6+ Kb8 16. d5 fxg3 17. hxg3 Qxb2 18. Nbd2 Bxd5 19. Bxd5 Rxd5 20. Qa4
Ne7 21. Rab1 Qc3 22. Rb3 1-0

[Event "22nd Open"]
[Site "Cappelle la Grande FRA"]
[Date "2006.02.19"]
[Round "2"]
[White "Vazquez,R"]
[Black "Spoelman,W"]
[Result "1/2-1/2"]
[WhiteElo "2513"]
[BlackElo "2376"]
[EventDate "2006.02.18"]

1. d4 Nf6 2. Nf3 e6 3. Bg5 c5 4. e3 b6 5. d5 h6 6. Bxf6 Qxf6 7. Nc3 a6 8.
Nd2 Bb7 9. Nc4 exd5 10. Nxd5 Bxd5 11. Qxd5 Ra7 12. a4 Be7 13. Bd3 O-O 14.
h4 Nc6 15. Qe4 g6 16. h5 Nb4 17. hxg6 d5 18. gxf7+ Rxf7 19. Qg4+ Kf8 20.
Qc8+ Kg7 21. Qg4+ Kf8 22. Qc8+ 1/2-1/2

[Event "22nd Open"]
[Site "Cappelle la Grande FRA"]
[Date "2006.02.19"]
[Round "2"]
[White "Timoshenko,G"]
[Black "Roberts,P"]
[Result "1-0"]
[WhiteElo "2560"]
[BlackElo "2204"]
[EventDate "2006.02.18"]

1. e4 g6 2. d4 Bg7 3. Nc3 d6 4. g3 e5 5. dxe5 dxe5 6. Qxd8+ Kxd8 7. Bc4 f6
8. Be3 Nd7 9. f4 c6 10. Nf3 Bh6 11. h4 exf4 12. gxf4 Ne5 13. Rd1+ Kc7 14.
Nxe5 fxe5 15. Bc5 Bxf4 16. Bd6+ Kb6 17. b4 Bg3+ 18. Kf1 a6 19. Na4+ Ka7 20.
Bc5+ Kb8 21. Rd8 1-0

[Event "22nd Open"]
[Site "Cappelle la Grande FRA"]
[Date "2006.02.19"]
[Round "2"]
[White "Starostits,I"]
[Black "Miedema,R"]
[Result "1-0"]
[WhiteElo "2493"]
[BlackElo "2201"]
[EventDate "2006.02.18"]

1. e4 c5 2. Nf3 g6 3. Nc3 Bg7 4. d4 cxd4 5. Nxd4 Nc6 6. Be3 Nf6 7. Nb3 O-O
8. Be2 d6 9. h4 Be6 10. Nd4 Bd7 11. h5 Ng4 12. Bxg4 Bxg4 13. Nxc6 Bxd1 14.
Nxd8 Bxc2 15. Nxb7 Rfb8 16. Na5 Rxb2 17. Bd2 Rc8 18. Rh3 Rc5 19. h6 Rxa5
20. hxg7 Ra3 21. Bc1 1-0

[Event "22nd Open"]
[Site "Cappelle la Grande FRA"]
[Date "2006.02.19"]
[Round "2"]
[White "Zhigalko,A"]
[Black "Monsieux,C"]
[Result "1-0"]
[WhiteElo "2505"]
[BlackElo "2282"]
[EventDate "2006.02.18"]

1. e4 e5 2. Nf3 Nc6 3. Bb5 a6 4. Ba4 Nf6 5. O-O b5 6. Bb3 Be7 7. d4 Nxe4 8.
Nxe5 Nxe5 9. dxe5 Bb7 10. Qg4 O-O 11. f3 h5 12. Qxh5 Bc5+ 13. Kh1 Nf2+ 14.
Rxf2 Bxf2 15. Bg5 Qe8 16. f4 Bc5 17. Nc3 Be7 18. Re1 b4 19. Re3 1-0

[Event "22nd Open"]
[Site "Cappelle la Grande FRA"]
[Date "2006.02.19"]
[Round "2"]
[White "Degraeve,JM"]
[Black "Tomczak,J"]
[Result "1-0"]
[WhiteElo "2553"]
[BlackElo "2357"]
[EventDate "2006.02.18"]

1. e4 d5 2. exd5 Qxd5 3. Nc3 Qa5 4. d4 c6 5. Bc4 Nf6 6. Bd2 Qb6 7. Nf3 Qxb2
8. Ne5 e6 9. Rb1 Qa3 10. O-O Be7 11. Re1 O-O 12. Ne4 Nxe4 13. Rxe4 Qd6 14.
Qh5 b5 15. Rb3 f6 16. Rg4 fxe5 17. Rxg7+ Kxg7 18. Rg3+ Kh8 19. Bd3 1-0

[Event "22nd Open"]
[Site "Cappelle la Grande FRA"]
[Date "2006.02.19"]
[Round "2"]
[White "Skatchkov,P"]
[Black "Vorobiov,E"]
[Result "1/2-1/2"]
[WhiteElo "2454"]
[BlackElo "2543"]
[EventDate "2006.02.18"]

1. d4 Nf6 2. Nf3 g6 3. c4 Bg7 4. g3 O-O 5. Bg2 d6 6. O-O Nbd7 7. Nc3 e5 8.
e4 c6 9. h3 Qa5 10. Be3 Nb6 11. Qd3 exd4 12. Nxd4 Qa6 13. b3 d5 14. exd5
Nbxd5 15. Bd2 Nxc3 16. Bxc3 Nd5 17. Bb2 1/2-1/2

[Event "22nd Open"]
[Site "Cappelle la Grande FRA"]
[Date "2006.02.19"]
[Round "2"]
[White "Ivanov,Sergey1"]
[Black "Leon Hoyos,M"]
[Result "1/2-1/2"]
[WhiteElo "2541"]
[BlackElo "2428"]
[EventDate "2006.02.18"]

1. d4 d6 2. Nf3 Bg4 3. e4 Nf6 4. h3 Bh5 5. Bd3 e5 6. dxe5 dxe5 7. g4 Bg6 8.
Nxe5 Bxe4 9. Bxe4 Qxd1+ 10. Kxd1 Nxe4 11. Nd3 Nd6 12. Re1+ Kd7 13. Nc3 Nc6
14. Bf4 Rd8 15. Nd5 Kc8 1/2-1/2

[Event "22nd Open"]
[Site "Cappelle la Grande FRA"]
[Date "2006.02.19"]
[Round "2"]
[White "Szymanski,M"]
[Black "Ninov,N"]
[Result "1/2-1/2"]
[WhiteElo "2409"]
[BlackElo "2513"]
[EventDate "2006.02.18"]

1. Nc3 c5 2. e4 Nc6 3. f4 g6 4. Nf3 Bg7 5. Bb5 Qc7 6. O-O Qxf4 7. d4 Qd6 8.
e5 Qb8 9. Ng5 cxd4 10. Nxf7 dxc3 11. Qd5 e6 12. Nd6+ Kd8 13. Nf7+ Ke8 14.
Nd6+ 1/2-1/2

[Event "22nd Open"]
[Site "Cappelle la Grande FRA"]
[Date "2006.02.19"]
[Round "2"]
[White "Porat,S"]
[Black "Ovetchkin,R"]
[Result "1/2-1/2"]
[WhiteElo "2444"]
[BlackElo "2539"]
[EventDate "2006.02.18"]

1. d4 Nf6 2. c4 e6 3. Nf3 d5 4. g3 Be7 5. Bg2 O-O 6. O-O c6 7. Qc2 b6 8.
Rd1 Ba6 9. b3 Nbd7 10. Nbd2 b5 11. c5 b4 12. e3 Bb5 1/2-1/2

[Event "22nd Open"]
[Site "Cappelle la Grande FRA"]
[Date "2006.02.19"]
[Round "2"]
[White "Danielian,E"]
[Black "Danielian,O"]
[Result "1/2-1/2"]
[WhiteElo "2423"]
[BlackElo "2518"]
[EventDate "2006.02.18"]

1. d4 d5 2. Nf3 c6 3. c4 Nf6 4. cxd5 cxd5 5. Nc3 Nc6 6. Bf4 Bf5 7. e3 e6 8.
Bd3 Bxd3 9. Qxd3 Bd6 10. O-O O-O 11. Rac1 Rc8 12. h3 1/2-1/2

[Event "22nd Open"]
[Site "Cappelle la Grande FRA"]
[Date "2006.02.20"]
[Round "3"]
[White "Delchev,A"]
[Black "Firman,N"]
[Result "0-1"]
[WhiteElo "2661"]
[BlackElo "2468"]
[EventDate "2006.02.18"]

1. e4 c5 2. Nf3 e6 3. d4 cxd4 4. Nxd4 Nc6 5. Nc3 a6 6. Be2 Qc7 7. O-O b5 8.
Nxc6 dxc6 9. a4 b4 10. Nb1 Nf6 11. Nd2 Bc5 12. Bd3 e5 13. a5 O-O 14. Nc4
Be6 15. Qe2 Ne8 16. Bd2 Bxc4 17. Bxc4 Qb7 18. c3 b3 19. Kh1 Nd6 20. Bd3
Rfe8 21. f4 f6 22. f5 Ra7 23. g4 h6 24. h4 Kf8 25. Kg2 Ke7 26. g5 hxg5 27.
hxg5 fxg5 28. Qg4 Kd8 29. Bxg5+ Kc8 30. Rh1 Qd7 31. Qe2 Nf7 32. Bxa6+ Kb8
33. Bc1 g6 34. Rd1 Nd6 35. Be3 Bxe3 36. Qxe3 Rxa6 37. Qc5 Kc7 38. Rd3 gxf5
39. Rad1 Rg8+ 40. Kf1 Rg6 41. c4 fxe4 42. Rxb3 Qf7+ 43. Ke1 Qxc4 0-1

[Event "22nd Open"]
[Site "Cappelle la Grande FRA"]
[Date "2006.02.20"]
[Round "3"]
[White "Korneev,O"]
[Black "Rodriguez Guerrero,E"]
[Result "1-0"]
[WhiteElo "2649"]
[BlackElo "2464"]
[EventDate "2006.02.18"]

1. e4 c5 2. Nf3 e6 3. d4 cxd4 4. Nxd4 Nc6 5. Nc3 Qc7 6. Be3 Nf6 7. Qd2 Bb4
8. f3 Nxd4 9. Qxd4 Bxc3+ 10. bxc3 e5 11. Qc5 Qxc5 12. Bxc5 d5 13. exd5 Nxd5
14. c4 b6 15. Bd6 Ne3 16. Bd3 Be6 17. Bxe5 f6 18. Kf2 Nxc4 19. Bf4 Kf7 20.
Rhe1 Nb2 21. Ba6 Rad8 22. a4 Rd4 23. Bc1 Nd1+ 24. Kg3 h5 25. h4 Rhd8 26.
Bd3 Rxd3 27. Bf4 Nc3 28. Re3 Rxe3 29. Bxe3 Nd5 30. Kf2 a6 31. Rb1 Bd7 32.
Bxb6 Bxa4 33. Ba5 Bb5 34. Rc1 Ke6 35. g3 Ne7 36. Bc3 Nc6 37. Ke3 Ne7 38.
Kf4 Nf5 39. Bb2 Be8 40. g4 Nd6 41. gxh5 Bg6 42. Kg4 1-0

[Event "22nd Open"]
[Site "Cappelle la Grande FRA"]
[Date "2006.02.20"]
[Round "3"]
[White "Kryvoruchko,Y"]
[Black "Moiseenko,A1"]
[Result "0-1"]
[WhiteElo "2513"]
[BlackElo "2657"]
[EventDate "2006.02.18"]

1. e4 c5 2. Nf3 Nc6 3. Nc3 e5 4. Bc4 Be7 5. d3 Nf6 6. Nd2 d6 7. Nf1 Bg4 8.
f3 Be6 9. Ne3 O-O 10. O-O a6 11. a4 Nb4 12. Ncd5 Nbxd5 13. exd5 Bd7 14. f4
exf4 15. Rxf4 Ne8 16. c3 Bg5 17. Rf3 Nf6 18. Nf5 Bxc1 19. Rxc1 Bxf5 20.
Rxf5 Qe7 21. Qe1 Rae8 22. Qxe7 Rxe7 23. a5 Rfe8 24. Rb1 Ng4 25. b4 Ne3 26.
Rf2 cxb4 27. Rxb4 Nd1 28. Rf1 Nxc3 29. h3 h5 30. Kh2 Rc8 31. Rb3 Na4 32.
Rb4 Nc5 33. Rb6 Rd7 34. d4 Na4 35. Rb4 Rdc7 36. Bb3 Nc3 37. Rb6 Rd8 38. Rc1
Rdd7 39. Rc2 f5 40. Rf2 g6 41. g4 Ne4 42. Rc2 hxg4 43. hxg4 f4 44. Kg2 Rf7
45. Kf3 Ng5+ 46. Kf2 Rh7 47. Kf1 Ne4 48. Kg2 Rcf7 49. Rc8+ Kg7 50. Bd1 Ng5
51. Rc3 f3+ 52. Bxf3 Rh3 53. Rbb3 Kh6 54. Rd3 Rf4 55. Bd1 Rxd3 56. Rxd3 Ne4
57. Rb3 Rf2+ 58. Kg1 Ra2 59. Re3 Nd2 60. Be2 Rxa5 61. Re6 Rxd5 62. Bd3 Kg5
63. Rxg6+ Kf4 64. Rf6+ Kg3 65. Be2 Ra5 66. g5 Rxg5 67. Rxd6 Kh3+ 68. Kh1
Ne4 69. Rh6+ Kg3 70. Bxa6 bxa6 71. Rxa6 Nd2 72. Kg1 Kf3+ 73. Kh1 Kf2 0-1

[Event "22nd Open"]
[Site "Cappelle la Grande FRA"]
[Date "2006.02.20"]
[Round "3"]
[White "Yevseev,D"]
[Black "Zinchenko,Ya"]
[Result "1-0"]
[WhiteElo "2557"]
[BlackElo "2501"]
[EventDate "2006.02.18"]

1. d4 d5 2. c4 e6 3. Nf3 c6 4. Nc3 dxc4 5. a4 Bb4 6. e3 b5 7. Bd2 a5 8.
axb5 Bxc3 9. Bxc3 cxb5 10. b3 Bb7 11. bxc4 b4 12. Bb2 Nf6 13. Bd3 Nbd7 14.
O-O O-O 15. Nd2 Qc7 16. f4 a4 17. Rb1 Rfd8 18. Qe2 b3 19. Ba1 Qb6 20. Kh1
Nf8 21. f5 Re8 22. e4 exf5 23. Rxf5 Rad8 24. d5 N6d7 25. e5 Ng6 26. Nf3 Nc5
27. Bd4 Qb4 28. Rxf7 Rxd5 29. cxd5 Bxd5 30. Bxg6 hxg6 31. Rxg7+ Kxg7 32.
e6+ Kf8 33. Qe5 Nxe6 34. Qf6+ Kg8 35. Qh8+ Kf7 36. Ne5+ Ke7 37. Qh7+ Kf6
38. Qxg6+ 1-0

[Event "22nd Open"]
[Site "Cappelle la Grande FRA"]
[Date "2006.02.20"]
[Round "3"]
[White "Escobar Forero,A"]
[Black "Novikov,Ma"]
[Result "0-1"]
[WhiteElo "2425"]
[BlackElo "2518"]
[EventDate "2006.02.18"]

1. e4 e5 2. Nf3 Nc6 3. Bb5 d6 4. d4 Bd7 5. Nc3 exd4 6. Nxd4 g6 7. O-O Bg7
8. Nde2 Nf6 9. Nf4 O-O 10. Re1 Re8 11. h3 Ne5 12. a4 a6 13. Bf1 Bc6 14.
Nfd5 Bxd5 15. Nxd5 Nxd5 16. exd5 Qh4 17. Ra3 Nd7 18. a5 Kf8 19. c4 Rxe1 20.
Qxe1 Re8 21. Re3 Rxe3 22. Bxe3 Bd4 23. Qd2 Bxe3 24. Qxe3 Qf6 25. Qd2 Qe5
26. b4 Kg7 27. Be2 b6 28. axb6 cxb6 29. Bg4 f5 30. Bf3 a5 31. bxa5 Qa1+ 32.
Kh2 bxa5 33. g3 Nc5 34. h4 h5 35. Bxh5 Ne4 36. Qf4 gxh5 37. Qxf5 Qe5 38.
Qd7+ Kh6 39. Qd8 Qf6 40. Qb6 Qxf2+ 0-1